Water in the unsaturated zone; L'eau dans la zone non saturée; proceedings of the Wageningen Symposium
Guardado en:
| Autores Corporativos: | , |
|---|---|
| Andre forfattere: | , |
| Format: | Procedimiento de la Conferencia Bog |
| Sprog: | Undetermined |
| Udgivet: |
Belgium :International Association of Scientific Hydrology,
1969
|
| Tags: |
Tilføj Tag
Ingen Tags, Vær først til at tagge denne postø!
|
MARC
| LEADER | 00000nam a2200000Ia 4500 | ||
|---|---|---|---|
| 003 | 002072 | ||
| 005 | 20221231143950.0 | ||
| 008 | 140114s9999 xx 000 0 und d | ||
| 040 | |c cru CEDI | ||
| 082 | |a 551.48 U56s | ||
| 111 | |9 21222 |a Symposium on Water in the Unsaturated Zone, Wageningen, |d 1966 | ||
| 245 | |a Water in the unsaturated zone; L'eau dans la zone non saturée; proceedings of the Wageningen Symposium | ||
| 260 | |a Belgium :International Association of Scientific Hydrology, |c 1969 | ||
| 300 | |a v. ilustraciones., mapas. 24 cm. | ||
| 500 | |a Organized by Unesco and the Government of the Netherlands, in cooperation with the Food and Agricultural Organization of the United Nations, International Association of Scientific Hydrology, and the International Society of Soil Science. | ||
| 700 | |9 21220 |a Rijtema, P. E. |d Editor/a | ||
| 700 | |9 21221 |a Wassink, H. |d Editor/a | ||
| 710 | |a Unesco. |9 21223 | ||
| 942 | |2 ddc |c BK | ||
| 999 | |c 14917 |d 14917 | ||
